000 05150nam a22005895i 4500
999 _c27407
_d27407
001 978-3-031-24740-8
003 DE-He213
005 20240716161637.0
006 a|||||o|||| 00| 0
007 cr nn 008mamaa
008 230304s2023 sz | s |||| 0|eng d
020 _a9783031247408
024 7 _a10.1007/978-3-031-24740-8
_2doi
040 _cimu-kc
050 4 _aJF1525.P6
072 7 _aJPP
_2bicssc
072 7 _aPOL028000
_2bisacsh
072 7 _aJPP
_2thema
082 0 4 _a320.6
_223
245 1 0 _aAutonomous Vessels in Maritime Affairs
_h[electronic resource] :
_bLaw and Governance Implications /
_cedited by Tafsir Matin Johansson, Jonatan Echebarria Fernández, Dimitrios Dalaklis, Aspasia Pastra, Jon A. Skinner.
250 _a1st ed. 2023.
264 1 _aCham :
_bSpringer International Publishing :
_bImprint: Palgrave Macmillan,
_c2023.
300 _aXXX, 410 p. 18 illus., 11 illus. in color.
_bonline resource.
336 _atext
_btxt
_2rdacontent
337 _acomputer
_bc
_2rdamedia
338 _aonline resource
_bcr
_2rdacarrier
347 _atext file
_bPDF
_2rda
490 1 _aStudies in National Governance and Emerging Technologies,
_x2524-6305
505 0 _aChapter 1 Introduction to Autonomous Vessels in Maritime Affairs: Law & Governance Implications -- Part I: Setting the Scene -- Chapter 2 Innovate or Fade – Introducing Ocean Innovation Diplomacy to the Maritime Sector -- Chapter 3 Evolution of IMO’s MASS: Through the Prism of the Chair -- Part II: Naval Warfare & Security -- Chapter 4 Advent of a New Era in Naval Warfare: Autonomous and Unmanned Systems Advent -- Chapter 5 Maritime Security in the Age of Autonomous Ships -- Part III: Safety & Seaworthiness -- Chapter 6 Designing Norms for Autonomous Ships: The Obligation to Call for Help and the Duty to Save Life in Danger at Sea -- Chapter 7 Why Compromise? Safety and Seaworthiness Challenges of MASS in the Shipping and Port Sector -- Chapter 8 How to Ensure Safe Navigation: Navigation Safety Regulation in MASS -- Part IV: Global Environmental Change -- Chapter 9 Autonomous Vessels in the Era of Global Environmental Change -- Part V: Autonomous Passenger Transportation -- Chapter 10 Autonomous Urban Passenger Ferries – A New Mobility Mode in Need of Appropriate Regulation, etc.
520 _aThis book examines law and governance implications in relation to maritime autonomous surface ships (MASS). Adopting a multi-disciplinary approach, it focuses on a wide array of timely, topical and thorny issues, including naval warfare and security, seaworthiness and techno-regulatory assessments, global environmental change, autonomous passenger transportation, as well as liability and insurance. It also considers selected national and regional developments. The book provides an insight into the role of innovation-diplomacy as the driving force that could expedite the transition from automation to autonomy. After navigating through the complex law and governance landscape, it concludes by assessing critical findings for further consideration. The book will appeal to scholars and students of maritime technology, law and governance. Tafsir Matin Johansson is Assistant Professor at the World Maritime University, Sasakawa Global Ocean Institute, Sweden. Jonatan Echebarria Fernández is Honorary Lecturer at The City Law School, City, University of London, UK. Dimitrios Dalaklis is Professor at the World Maritime University, Sweden. Aspasia Pastra is a Post-Doctoral Fellow and Maritime Policy Analyst at the World Maritime University, Sasakawa Global Ocean Institute, Sweden. Jon A. Skinner is Adjunct Professor at Mat-Su College, University of Alaska Anchorage, and an instructor at the Graduate College of Professional Military Education, Air University, USA. Chapter 11 and Chapter 18 are available open access under a Creative Commons Attribution 4.0 International License via link.springer.com.
650 0 _aPolitical planning.
650 0 _aPolitical science.
650 0 _aLaw.
650 1 4 _aPublic Policy.
650 2 4 _aGovernance and Government.
650 2 4 _aLaw.
700 1 _aJohansson, Tafsir Matin.
_eeditor.
_4edt
_4http://id.loc.gov/vocabulary/relators/edt
700 1 _aFernández, Jonatan Echebarria.
_eeditor.
_4edt
_4http://id.loc.gov/vocabulary/relators/edt
700 1 _aDalaklis, Dimitrios.
_eeditor.
_4edt
_4http://id.loc.gov/vocabulary/relators/edt
700 1 _aPastra, Aspasia.
_eeditor.
_4edt
_4http://id.loc.gov/vocabulary/relators/edt
700 1 _aSkinner, Jon A.
_eeditor.
_4edt
_4http://id.loc.gov/vocabulary/relators/edt
710 2 _aSpringerLink (Online service)
773 0 _tSpringer Nature eBook
776 0 8 _iPrinted edition:
_z9783031247392
776 0 8 _iPrinted edition:
_z9783031247415
776 0 8 _iPrinted edition:
_z9783031247422
830 0 _aStudies in National Governance and Emerging Technologies,
_x2524-6305
856 4 0 _uhttps://doi.org/10.1007/978-3-031-24740-8
942 _2ddc
_cEBK